古都
| 資料類型: | 圖書 | 書目號: | 32874 |
Leader xxxxxxxxxx 001 __ 86022849 005 __ 19941110162928.0 008 __ chi 010 0_ |a957-558-381-7|b平裝|d新臺幣120元 100 __ |a19940517d1992 cd y0chiy0109 e. 101 1_ |achi |ceng. 102 __ |acw. 105 __ |aa z 000ay. 200 1_ |a古都|e|f川端康成原著|g竺儀改寫|g呂玉琴圖. 205 __ |a 210 __ |a臺南市|c大千文化|d民81. 215 0_ |a237面|c圖|d22公分. 225 2_ |a世界文學注音版全集|v29. 260 1_ |a1992. 300 __ |a 302 __ |a國語注音. 606 __ |2csh|a小說|y日本. 681 __ |a859.6|b4607|y81 v.29|v增訂七版. 700 _1 |a川端|b康成|f(1899-1972)|4原著. 702 _0 |a竺儀|b|4改寫. 702 _1 |a呂|b玉琴|4圖. |